[Event "BL2-O9596"]
[Site "Germany"]
[Date "1996.??.??"]
[Round "?"]
[White "Heidrich, Manfred"]
[Black "Roesch, Arnd"]
[Result "1/2-1/2"]
[WhiteElo "2340"]
[BlackElo "2370"]

1.e4 d6 2.d4 Nf6 3.Nc3 e5 4.dxe5 dxe5 5.Qxd8+ Kxd8 6.Bc4 Ke8 7.f4 Bb4 8.Bd2 Be6
9.Bxe6 fxe6 10.Nge2 Nbd7 11.O-O-O Bxc3 12.Nxc3 a6 13.Rhf1 exf4 14.Bxf4 Rc8
15.h3 Rf8 16.g4 Ng8 17.Ne2 Ne7 18.Bg3 Rxf1 19.Rxf1 Ng6 20.Nd4 Ke7 21.Nf3 Nf6
22.Nd2 Nd7  1/2-1/2

[Event "Bundesliga 9596"]
[Site "Germany"]
[Date "1996.??.??"]
[Round "?"]
[White "Sievers, Stefan"]
[Black "Meyer, Claus Dieter"]
[Result "1/2-1/2"]
[WhiteElo "2375"]
[BlackElo "2330"]

1.e4 d6 2.d4 Nf6 3.Nc3 Nbd7 4.g3 e5 5.Nge2 c6 6.a4 a5 7.Bg2 Be7 8.O-O O-O
9.b3 Re8 10.Ba3 Bf8 11.Qd2 Qb6 12.Rad1 Nb8 13.h3 Na6 14.Kh2 Nb4 15.f4 exd4
16.Nxd4  1/2-1/2

[Event "BL9697 (Women)"]
[Site "Germany"]
[Date "1996.??.??"]
[Round "?"]
[White "Peng, Zhaoqin"]
[Black "Bobrowska, Monika"]
[Result "1-0"]
[WhiteElo "2410"]
[BlackElo "2305"]

1.d4 d6 2.Nc3 Nf6 3.e4 e5 4.dxe5 dxe5 5.Qxd8+ Kxd8 6.Bc4 Be6 7.Bxe6 fxe6
8.Bg5 Nc6 9.Nce2 Bc5 10.c3 a5 11.Nf3 Ke8 12.Ng3 h6 13.Bd2 Kf7 14.Ke2 Rhd8
15.Be3 Bxe3 16.Kxe3 Rd6 17.Rhc1 Nd7 18.Nf1 Nc5 19.N1d2 b5 20.Rc2 Nd3 21.a4 Kf6
22.axb5 Nf4 23.Ne1 Rad8 24.f3 Ne7 25.g3 Nfg6 26.Rxa5 Nc8 27.Ra8 Nge7 28.Nc4 Rd1
29.Ke2 R1d7 30.Rd2 Rxd2+ 31.Nxd2 Rd7 32.Nc4 Nd6 33.Nxe5 Kxe5 34.Nd3+ Kf6
35.Nc5  1-0

[Event "BL2-W9697"]
[Site "Germany"]
[Date "1996.??.??"]
[Round "?.6"]
[White "Neidhardt, Claus Ulrich"]
[Black "Burkart, Patrick"]
[Result "1/2-1/2"]
[WhiteElo "2415"]
[BlackElo "2350"]

1.d4 d6 2.e4 Nf6 3.Nc3 c6 4.g3 Nbd7 5.Bg2 e5 6.Nge2 b5 7.a3 Be7 8.O-O O-O
9.h3 a5 10.b3 Ba6 11.Bb2 Qc7 12.Re1 Rfe8 13.Qd2 Bf8 14.g4 b4 15.axb4 axb4
16.Nd1 d5 17.exd5 Nxd5 18.dxe5 Nxe5 19.Ng3 Re6 20.Kh1 Bb7 21.Rxa8 Bxa8 22.c4 Nf6
23.Ne3 Bb7 24.Nef5 c5 25.Bxe5 Rxe5 26.Rxe5 Bxg2+ 27.Kxg2 Qxe5 28.Qe3 Qxe3
29.Nxe3 Bd6 30.Ngf1 Ne4 31.f3 Ng5 32.Nd5 Ne6 33.Nd2 Kf8 34.Ne4 Be5 35.Kf2 g6
36.Ke3 f5 37.Nd2 Bd4+ 38.Kd3 Ke8 39.gxf5 gxf5 40.f4 Kd7 41.Nf3  1/2-1/2

[Event "Landesliga Nord 9697 Bayern"]
[Site "Germany"]
[Date "1996.??.??"]
[Round "?"]
[White "Kammer, Christoph"]
[Black "Angermueller, Oliver"]
[Result "0-1"]
[WhiteElo "2050"]
[BlackElo "2095"]

1.e4 d6 2.d4 Nf6 3.Nc3 e5 4.Nge2 Nbd7 5.f3 Be7 6.Be3 c6 7.Qd2 Qc7 8.g4 Nb6
9.Ng3 h6 10.h4 exd4 11.Bxd4 Be6 12.O-O-O O-O-O 13.Bd3 Rhg8 14.g5 hxg5 15.hxg5 Nfd7
16.Nh5 Ne5 17.Rdf1 Nbc4 18.Qg2 c5 19.Bg1 Qa5 20.Bxc4 Nxc4 21.Nd5 Bxd5 22.exd5 Qxa2
23.c3 Qa1+  0-1

[Event "Bundesliga 9596"]
[Site "Germany"]
[Date "1996.??.??"]
[Round "?"]
[White "Lutz, Christopher"]
[Black "Werner, Knud"]
[Result "1-0"]
[WhiteElo "2555"]
[BlackElo "2295"]

1.e4 d6 2.d4 Nf6 3.Nc3 e5 4.Nf3 Nbd7 5.Bc4 Be7 6.O-O O-O 7.Re1 c6 8.a4 b6
9.d5 c5 10.a5 a6 11.axb6 Nxb6 12.Bf1 Ne8 13.Bd2 Nc7 14.Na4 Nxa4 15.Rxa4 Bd7
16.Ra2 Qb8 17.Ba5 Nb5 18.Nd2 Bd8 19.Nc4 g6 20.Qd2 Nd4 21.Bxd8 Rxd8 22.c3 Nb5
23.Rea1 Qb7 24.Qg5 Kg7 25.Nxd6  1-0

[Event "Bundesliga 9596"]
[Site "Germany"]
[Date "1996.??.??"]
[Round "?"]
[White "Borriss, Martin"]
[Black "Schmaltz, Roland"]
[Result "1-0"]
[WhiteElo "2405"]
[BlackElo "2455"]

1.e4 d6 2.d4 Nf6 3.Nc3 Nbd7 4.Nf3 e5 5.Bc4 Be7 6.O-O O-O 7.Re1 a6 8.a4 b6
9.b3 Bb7 10.Bb2 c6 11.d5 cxd5 12.Nxd5 Rc8 13.Rc1 Nxd5 14.Bxd5 Qc7 15.c4 Nf6
16.Bxb7 Qxb7 17.Qd3 Nh5 18.g3 Rcd8 19.Rcd1 g6 20.Nd2 f5 21.exf5 gxf5 22.Qf3 Qxf3
23.Nxf3 Ng7 24.Ba3 Kf7 25.Rd5 a5 26.Red1 Ke6 27.Re1 Kf7 28.Red1 Ke6 29.Bc1 Nh5
30.Re1 Kf7 31.Ng5+ Bxg5 32.Bxg5 Nf6 33.Rb5 Rb8 34.Be3 Nd7 35.Rd1 Ke7 36.Rbd5 f4
37.Rxd6 Rb7 38.Bc1 fxg3 39.hxg3 Rf3 40.Bg5+ Ke8 41.Re6+ Kf8 42.Be3 Kf7 43.Rdd6  1-0

[Event "BL2-S9697"]
[Site "Germany"]
[Date "1996.??.??"]
[Round "?.5"]
[White "Schmidt, Georg"]
[Black "Bialas, Wolfram"]
[Result "1/2-1/2"]
[WhiteElo "2195"]
[BlackElo "2335"]

1.e4 d6 2.d4 Nf6 3.Nc3 Nbd7 4.Nf3 e5 5.Bc4 Be7 6.O-O O-O 7.h3 c6 8.a4 Qc7
9.Be3 h6 10.Bb3 b6 11.Nh4 exd4 12.Bxd4 Nc5 13.Bxc5 bxc5 14.Ng6 Re8 15.Qd3 Bb7
16.Rfe1 Rad8 17.Qg3 Bf8 18.Bc4 Bc8 19.Rad1 Be6 20.Bxe6 Rxe6 21.Nxf8 Rxf8
22.Re2 Rb8 23.b3 Rb4 24.Red2 Ne8 25.f3 c4 26.Na2 Rb7 27.b4 a5 28.c3 axb4
29.Nxb4 Ra7 30.Ra1 Ra5 31.Qf2 Nf6 32.Qf1 d5 33.exd5 cxd5 34.Qf2 Qe5 35.Qd4 Qxd4+
36.Rxd4 Re3 37.Ra3 Re8 38.Nc6 Ra6 39.Nb4 Ra5 40.Nc6  1/2-1/2

[Event "BL2-W9697"]
[Site "Germany"]
[Date "1996.??.??"]
[Round "?.3"]
[White "Seul, Georg"]
[Black "Buecker, Stefan"]
[Result "1/2-1/2"]
[WhiteElo "2445"]
[BlackElo "2340"]

1.e4 d6 2.d4 Nf6 3.Nc3 Nbd7 4.f4 e5 5.Nf3 exd4 6.Qxd4 c6 7.e5 dxe5 8.fxe5 Bc5
9.Qf4 Qe7 10.Be2 Nd5 11.Nxd5 cxd5 12.Be3 Bxe3 13.Qxe3 Qb4+ 14.c3 Qe4 15.Kf2 O-O
16.Bd3 Qxe3+ 17.Kxe3 Nc5 18.Bc2 Bg4 19.Rad1 Rad8 20.Rd2 Rfe8 21.Kf4 Bxf3
22.gxf3 Ne6+ 23.Kg4 d4 24.Rhd1 dxc3 25.Rxd8 Rxd8 26.Rxd8+ Nxd8 27.bxc3 Ne6
28.Kf5 Nc5 29.f4 Kf8 30.Kg4 h6 31.f5 Ke7 32.Kf4 Nd7 33.Ba4 g5+ 34.fxg6 fxg6
35.Bc2 Nb6 36.Bb3 Nd7 37.Bc2 Nf8 38.Ke3 g5 39.Ke4 Ng6 40.Bb3 Nf4 41.Bd1 Ng6
42.Bg4 Nh4 43.Bc8 b6 44.Bg4 Ng2 45.Be2 Nf4 46.Bc4 Ng2 47.Bb3 Nh4 48.Bd5 Ng6
49.Bb3 Nh4 50.Bd1 Ng2 51.Bg4 Nh4 52.Bc8 Kd8 53.Bg4 Ke7 54.Bc8  1/2-1/2

[Event "Bundesliga 9596"]
[Site "Germany"]
[Date "1996.??.??"]
[Round "?"]
[White "Schaefer, Markus"]
[Black "Meyer, Claus Dieter"]
[Result "1-0"]
[WhiteElo "2455"]
[BlackElo "2330"]

1.e4 d6 2.d4 Nf6 3.Nc3 Nbd7 4.f4 e5 5.Nf3 exd4 6.Qxd4 c6 7.Be3 Qb6 8.O-O-O Qxd4
9.Bxd4 Nb6 10.h3 Be7 11.g4 O-O 12.Bg2 d5 13.e5 Nfd7 14.f5 Bc5 15.Rhe1 Bxd4
16.Nxd4 Nc5 17.Nce2 a5 18.Nf4 Bd7 19.h4 Rae8 20.Re2 Bc8 21.Rde1 Rd8 22.b3 Rde8
23.Kb2 Na8 24.g5 Nc7 25.h5 Ne4 26.Bxe4 dxe4 27.Rxe4 c5 28.e6 fxe6 29.Ndxe6 Bxe6
30.fxe6 Rf5 31.Rd1 Rxg5 32.Rd7 Nb5 33.Nd5 Nd4 34.Nc7 Rc8 35.e7  1-0

[Event "Bundesliga 9697"]
[Site "Germany"]
[Date "1996.??.??"]
[Round "?.3"]
[White "Watson, William N"]
[Black "Bauer, Christian"]
[Result "0-1"]
[WhiteElo "2540"]
[BlackElo "2465"]

1.e4 d6 2.d4 Nf6 3.Nc3 Nbd7 4.f4 e5 5.Nf3 exd4 6.Qxd4 c6 7.Be3 d5 8.e5 Ng4
9.Bg1 Nh6 10.O-O-O Qa5 11.Kb1 Nb6 12.a3 Bg4 13.Qd2 Bxf3 14.gxf3 Be7 15.Bd3 g6
16.Bd4 c5 17.Bf2 Rd8 18.f5 Nxf5 19.Bxf5 gxf5 20.Qh6 d4 21.e6 Rf8 22.Rhg1 Nc4
23.exf7+ Rxf7 24.Rg8+ Kd7 25.Rxd8+ Qxd8 26.Nd5 Qf8 27.Qh5 Kc6 28.Nf4 Bd6
29.Ne6 Qc8 30.Re1 Qd7 31.Bg3  0-1

[Event "Bundesliga 9697"]
[Site "Germany"]
[Date "1996.??.??"]
[Round "?.4"]
[White "Kuczynski, Robert"]
[Black "Miltner, Arndt"]
[Result "1-0"]
[WhiteElo "2510"]
[BlackElo "2330"]

1.e4 d6 2.d4 Nf6 3.Nc3 Nbd7 4.Nf3 e5 5.Bc4 Be7 6.O-O O-O 7.a4 c6 8.Qe2 exd4
9.Nxd4 Ne5 10.Ba2 c5 11.Ndb5 a6 12.Na3 Be6 13.Nc4 Nxc4 14.Bxc4 Bxc4 15.Qxc4 b5
16.axb5 axb5 17.Rxa8 bxc4 18.Rxd8 Rxd8 19.Rd1 Rb8 20.f3 h6 21.Kf2 Bf8 22.g4 g6
23.Kg3 Kh7 24.h4 Kg8 25.Nb1 Ra8 26.Na3 Ra4 27.c3 Nd7 28.Bf4 Bg7 29.Bxd6 Bxc3
30.bxc3 Rxa3 31.Bc7 Nf8 32.Rd8 Kg7 33.g5 hxg5 34.hxg5 Ra7 35.Be5+ f6 36.Bxf6+ Kf7
37.Rc8 Nd7 38.Bh8 Ra1 39.Rc7 Ke6 40.Rc6+ Kf7 41.e5 Nf8 42.Rc7+ Kg8 43.Bf6 Ne6
44.Re7 Ra6 45.Kg4 Rc6 46.f4 Nc7 47.Rg7+ Kf8 48.Rxg6  1-0

[Event "BL2-O9697"]
[Site "Germany"]
[Date "1996.??.??"]
[Round "?.1"]
[White "Hoffmann, Hendrik"]
[Black "Bezold, Michael"]
[Result "0-1"]
[WhiteElo "2280"]
[BlackElo "2495"]

1.e4 d6 2.d4 Nf6 3.Nc3 c6 4.f4 Qa5 5.Bd3 e5 6.Nf3 Nbd7 7.O-O Be7 8.fxe5 dxe5
9.dxe5 Nxe5 10.Nxe5 Qxe5 11.Bf4 Qc5+ 12.Kh1 Ng4 13.Qf3 Be6 14.Rae1 Ne5 15.Qg3 Ng6
16.Be3 Qa5 17.Qf2 O-O 18.Bd2 Qe5 19.Nd1 Qh5 20.Ne3 Ne5 21.Be2 Qg6 22.Nf5 Bf6
23.Bc3 Rfe8 24.Qf4 Nd7 25.Nh4 Qg5 26.Qxg5 Bxg5 27.Nf5 Bf6 28.Bxf6 Nxf6 29.Nd6 Re7
30.a3 Ne8 31.Rd1 g6 32.Bf3 Nxd6 33.Rxd6 Rae8 34.Kg1 Kg7 35.Kf2 Kf6 36.Rfd1 Ke5
37.R6d4 c5 38.R4d2 Rc8 39.Rd8 Rc6 40.b3 Ra6 41.a4 Rb6 42.Ke3 Rc7 43.g4 c4
44.b4 Rxb4 45.g5 Rxa4 46.h4 Ra3+ 47.Ke2 Kf4 48.Rf1 Re3+  0-1

[Event "Bundesliga 9697"]
[Site "Germany"]
[Date "1996.??.??"]
[Round "?.2"]
[White "Kindermann, Stefan"]
[Black "Summerscale, Aaron"]
[Result "1-0"]
[WhiteElo "2530"]
[BlackElo "2500"]

1.e4 d6 2.d4 Nf6 3.Nc3 e5 4.Nf3 Nbd7 5.Bc4 Be7 6.O-O O-O 7.a4 c6 8.Qe2 b6
9.Rd1 Qc7 10.Bg5 a6 11.Ba2 Bd8 12.Nh4 g6 13.Nf3 Re8 14.Qc4 Re7 15.dxe5 dxe5
16.Rd2 Bb7 17.Rad1 b5 18.Qb3 Kg7 19.Rd6 h6 20.Bh4 g5 21.Bg3 Kh7 22.Nxe5 bxa4
23.Nxa4 Nxe5 24.Bxe5 Rxe5 25.Rd7 Re7 26.Rxc7 Bxc7 27.Nc5 Bc8 28.Qa4 Rb8 29.Qxc6 Kg7
30.Qa4 a5 31.Qd4 Be5 32.Qd8 Ra7 33.Qd2 Bxb2 34.Nd3 Bd4 35.e5 Ne4 36.Qe1 Nc3  1-0

[Event "Bundesliga 9596"]
[Site "Germany"]
[Date "1996.??.??"]
[Round "?"]
[White "Sievers, Stefan"]
[Black "Deglmann, Ludwig"]
[Result "1/2-1/2"]
[WhiteElo "2375"]
[BlackElo "2230"]

1.e4 d6 2.d4 Nf6 3.Nc3 e5 4.Nge2 Nbd7 5.f3 Be7 6.Be3 c6 7.g4 O-O 8.Qd2 b5
9.a4 b4 10.Nd1 d5 11.g5 Ne8 12.exd5 cxd5 13.b3 Nd6 14.Bh3 exd4 15.Nxd4 Ne5
16.Bg2 Bb7 17.O-O Nc6 18.f4 Nxd4 19.Bxd4 Ne4 20.Qe3 Re8 21.Bxe4 dxe4 22.Nf2 Qc7
23.Rad1 Qc6 24.Rd2 Rad8 25.Rfd1 a6 26.Kf1 Bf8 27.Bb6 Rxd2 28.Rxd2 f5 29.gxf6 Qxf6
30.Ke2 Qf5 31.Kd1 Qh5+ 32.Kc1 Qxh2 33.Kb2 Qh6 34.Ng4 Qe6 35.Rg2 g6 36.Bd4 Rd8
37.Be5 Bg7 38.Qh3 Bc8 39.Qh4 Rf8 40.Nh6+ Kh8 41.Ka2 Bxe5 42.fxe5 Qxe5 43.Rxg6 Be6
44.Rg1 Bd5 45.Kb1 a5 46.Ng4  1/2-1/2

[Event "NRW-Liga I 9596"]
[Site "Germany"]
[Date "1996.??.??"]
[Round "?"]
[White "Kreutzkamp, Reinhold"]
[Black "Sygulski, Artur"]
[Result "1/2-1/2"]
[WhiteElo "2255"]
[BlackElo "2360"]

1.e4 d6 2.d4 Nf6 3.Nc3 c6 4.Nf3 Bg4 5.Be2 e6 6.h3 Bh5 7.O-O d5 8.e5 Ne4 9.Nxe4 dxe4
10.Ng5 Bxe2 11.Qxe2 Qxd4 12.Qxe4 Qxe4 13.Nxe4 Nd7 14.Bf4 Nc5 15.Nxc5 Bxc5
16.Rfd1 h6 17.Kf1 Ke7 18.Rd3 Rhd8 19.Rad1 Rd5 20.c4 Rxd3 21.Rxd3 Rd8 22.Rxd8 Kxd8
23.Ke2 Bd4 24.b3 Kc7 25.f3 Kb6 26.Kd3 Bf2 27.Bd2 a6  1/2-1/2

[Event "Goetzis op"]
[Site "Goetzis"]
[Date "1996.??.??"]
[Round "4"]
[White "Holick, Manfred"]
[Black "Gasser, Klaus"]
[Result "0-1"]
[WhiteElo "1825"]
[BlackElo "1955"]

1.e4 d6 2.d4 Nf6 3.Nc3 c6 4.Nf3 Nbd7 5.Bd3 e5 6.O-O Be7 7.h3 O-O 8.Be3 b5
9.a3 Qc7 10.Qd2 Bb7 11.Rac1 a6 12.Nh4 Nxe4 13.Nxe4 Bxh4 14.Bg5 Bxg5 15.Qxg5 exd4
16.Qh4 Qd8 17.Qxd8 Raxd8 18.Nxd6 Ba8 19.Ne4 c5 20.Ng3 g6 21.Be4 Rfe8 22.Bxa8 Rxa8
23.Rcd1 Nb6 24.b4 Nc4 25.Rd3 Rac8 26.Ra1 Red8 27.bxc5 Rxc5 28.c3 Rcd5 29.Ne4 Kg7
30.Ra2 Ne5 31.Rxd4 Rxd4 32.cxd4 Rxd4 33.Nc5 Rd1+ 34.Kh2 Rd6 35.a4 Rc6 36.Nb3 Rc3
37.Nd4 b4 38.Rb2 a5 39.Nb5 Rc1 40.Re2 Nd3 41.Nd4 Ra1 42.Nb3 Rxa4 43.Rd2 Ne5
44.Rd5 Nc4 45.Rc5 Ra3 46.Nd4 Nd2 47.Nc2 Rc3 48.Rxc3 bxc3 49.Kg3 g5 50.f3 Kf6
51.Kf2 Ke5 52.g3 Kd5 53.Ke2 Kc4 54.f4 gxf4 55.gxf4 a4 56.Kd1 Kb3 57.Kc1 a3
58.Na1+ Ka2 59.Nc2 Nb3+ 60.Kd1 Kb2 61.Ne3 Na5  0-1

[Event "Goetzis op"]
[Site "Goetzis"]
[Date "1996.??.??"]
[Round "6"]
[White "Gasser, Klaus"]
[Black "Studer, Kurt"]
[Result "1-0"]
[WhiteElo "1955"]
[BlackElo "1720"]

1.e4 d6 2.d4 Nf6 3.Nc3 c6 4.f4 Qa5 5.Bd2 Qb6 6.e5 dxe5 7.fxe5 Nd5 8.Nxd5 cxd5
9.Bc3 Bf5 10.Be2 Qg6 11.Bb5+ Nc6 12.Qe2 Bxc2 13.Rc1 Be4 14.Nf3 Rc8 15.O-O a6
16.Bxc6+ Rxc6 17.Nh4 Qg5 18.Qf2 Qh5 19.Bd2 Rxc1 20.Rxc1 f5 21.Ba5 Kf7 22.Rc8 Qd1+
23.Be1 g6 24.Qd2 Qxd2 25.Bxd2 Bg7 26.Rc7 Rb8 27.Nf3 h6 28.Bb4 Bf8 29.Nd2 Ke8
30.e6 f4 31.Nxe4 dxe4 32.Kf2 b6 33.a4 h5 34.h4 Kd8 35.Rd7+ Ke8 36.g3 f3 37.d5 Rc8
38.Bc3 Bh6 39.Rb7 b5 40.axb5 axb5 41.Rxb5 Kf8 42.Rb7 g5 43.hxg5 Bxg5 44.Rb4 Rd8
45.Rb7 Kg8 46.Rb5 Rf8 47.d6 e3+ 48.Kf1 e2+ 49.Kf2 Be3+ 50.Kxe3 f2 51.Rg5+ Kh7
52.Rg7+ Kh6 53.Rxe7 e1=Q+ 54.Bxe1 fxe1=Q+ 55.Kd4 Qd2+ 56.Kc5 Qc2+ 57.Kb6 Rb8+
58.Ka7 Rxb2 59.Rb7 Qc5+  1-0

[Event "Goetzis op"]
[Site "Goetzis"]
[Date "1996.??.??"]
[Round "9"]
[White "Lechenbauer, Karl"]
[Black "Laske, Erich"]
[Result "0-1"]
[WhiteElo "1805"]
[BlackElo "2055"]

1.e4 d6 2.d4 Nf6 3.Nc3 c6 4.f3 Nbd7 5.b3 e5 6.dxe5 dxe5 7.Bb2 b5 8.Qd2 Bc5
9.O-O-O Qb6 10.Kb1 Bxg1 11.Bxb5 Bd4 12.Bc4 Qa5 13.Nb5 Qxd2 14.Nd6+ Kf8 15.Rxd2 Bxb2
16.Kxb2 Nb6 17.Bxf7 Ke7 18.Rhd1 Ba6 19.a4 Rhf8 20.a5 Nc8 21.Bc4 Nxd6 22.Bxa6 Rfd8
23.b4 Nfe8 24.Kb3 Nc7 25.Bf1 Ne6 26.c3 Rd7 27.g3 Rad8 28.Bh3 Nb5 29.Rxd7+ Rxd7
30.Rxd7+ Kxd7 31.Kc4 Nd6+ 32.Kd3 Ke7 33.Bf1 Nb5 34.Kc4 Kd6 35.Kb3 Ng5 36.Bg2 Ne6
37.Bf1 g5 38.h3 h5 39.Be2 h4 40.g4 Ned4+  0-1

[Event "Graz op"]
[Site "Graz"]
[Date "1996.??.??"]
[Round "?"]
[White "Zumtobel, Thomas"]
[Black "Laske, Erich"]
[Result "1-0"]
[WhiteElo "2140"]
[BlackElo "2120"]

1.e4 d6 2.d4 Nf6 3.Nc3 c6 4.g3 Nbd7 5.a4 a5 6.Bg2 e5 7.Nge2 Be7 8.O-O O-O
9.b3 Re8 10.Bb2 Bf8 11.Qd2 Qb6 12.Rad1 exd4 13.Nxd4 Nc5 14.Rfe1 Bg4 15.f3 Bh5
16.Kh1 Rad8 17.Nf5 Bg6 18.Ne3 d5 19.exd5 cxd5 20.Ncxd5 Nxd5 21.Nxd5 Rxe1+
22.Qxe1 Bxc2 23.Rd2 Qxb3 24.Ne7+ Bxe7 25.Rxd8+ Bf8 26.Qc3 Ne6 27.Qxb3 Bxb3
28.Rb8 Bxa4 29.Ba3 b5 30.Bxf8 Nxf8 31.Ra8 g6 32.Bf1 Bd1 33.Kg2 b4 34.Rxa5 Ne6
35.Ra8+ Kg7 36.Rb8 b3 37.Rb4 Ng5 38.f4 Nf3 39.Bc4 Nd2 40.Bd5 Bc2 41.Kf2 f5
42.Rb7+ Kh6 43.Ke2 Ne4 44.Bg8 g5 45.Rxh7+ Kg6 46.Rb7 gxf4 47.gxf4 Nc5 48.Rb6+ Kh5
49.Kf3 Bd1+ 50.Kg3 Ne4+ 51.Kh3 Nf2+ 52.Kg2 Nd3 53.Kg3 Be2 54.Bf7+  1-0

[Event "Graz op"]
[Site "Graz"]
[Date "1996.??.??"]
[Round "?"]
[White "Pfaffel, Thomas"]
[Black "Stuhlik, Marko"]
[Result "1/2-1/2"]
[WhiteElo "2085"]
[BlackElo "2225"]

1.e4 d6 2.d4 Nf6 3.Nc3 c6 4.f4 Qa5 5.Bd3 Bg4 6.Nf3 e5 7.Be3 d5 8.fxe5 Nxe4
9.O-O Nxc3 10.bxc3 Be7 11.h3 Be6 12.Rb1 b5 13.Qe1 h6 14.Qg3 g5 15.Nd2 Na6
16.Nb3 Qa3 17.Bc1 Qa4 18.Qf2 Kd7 19.Qe2 h5 20.Bf5 Qc4 21.Bd3 Qa4 22.Bf5 Qc4
23.Bd3  1/2-1/2

[Event "Koop Tjuchem op"]
[Site "Groningen"]
[Date "1996.??.??"]
[Round "1"]
[White "Grechihin, Valery"]
[Black "Manouck, Thierry"]
[Result "1-0"]
[WhiteElo "2495"]
[BlackElo "2235"]

1.e4 d6 2.d4 Nf6 3.Nc3 Nbd7 4.Nf3 e5 5.Bc4 Be7 6.O-O O-O 7.h3 c6 8.a4 a5
9.Re1 h6 10.dxe5 Nxe5 11.Bf1 Nxf3+ 12.Qxf3 Be6 13.Ne2 d5 14.e5 Ne4 15.Nf4 Bc5
16.Be3 Ng5 17.Qd1 d4 18.Bd2 Bf5 19.Bd3 Qd7 20.h4 Nh7 21.Bxf5 Qxf5 22.g4 Qd7
23.Qf3 Bb4 24.Rad1 Bxd2 25.Rxd2 Rad8 26.Qg3 Rfe8 27.Rde2 Nf8 28.Nd3 Qd5 29.f4 b5
30.axb5 c5 31.b3 c4 32.bxc4 Qxc4 33.g5 hxg5 34.hxg5 Qxb5 35.Qh4 f6 36.gxf6  1-0

[Event "Koop Tjuchem op"]
[Site "Groningen"]
[Date "1996.??.??"]
[Round "2"]
[White "Lobzhanidze, Davit"]
[Black "Cifuentes Parada, Roberto"]
[Result "1/2-1/2"]
[WhiteElo "2330"]
[BlackElo "2500"]

1.e4 d6 2.d4 Nf6 3.Nc3 e5 4.Nf3 Nbd7 5.Bc4 Be7 6.O-O O-O 7.a4 c6 8.Ra2 b6
9.Qe2 a6 10.Rd1 Qc7 11.h3 Rb8 12.dxe5 dxe5 13.Nh4 Nc5 14.Nf5 b5 15.Nxe7+ Qxe7
16.b4 Ne6 17.Bxe6 Bxe6 18.Qf3 Rfd8 19.Rxd8+ Rxd8 20.axb5 axb5 21.Bg5 h6 22.Bxf6 Qxf6
23.Qxf6 gxf6 24.Ra6 Rc8 25.Nd1 f5 26.exf5 Bxf5 27.Ne3 Be6 28.Ng4 c5 29.bxc5 Rxc5
30.Rb6 Kg7 31.Ne3 h5 32.g4 hxg4 33.hxg4 Kf6 34.Kg2 e4 35.Kg3 Ke5 36.Rb7 f5
37.gxf5 Bxf5 38.Re7+ Be6 39.Re8 Rc7 40.Rb8 Rg7+ 41.Kh2 Bd7 42.c4 bxc4 43.Nxc4+ Kd4
44.Ne3 Kd3 45.Rf8 Ke2 46.Rf4 Rg5 47.Rxe4 Kxf2 48.Nd1+ Kf3 49.Re3+ Kf4 50.Rc3 Rh5+
51.Kg2 Be6 52.Rf3+  1/2-1/2

[Event "Koop Tjuchem op"]
[Site "Groningen"]
[Date "1996.??.??"]
[Round "5"]
[White "Lobzhanidze, Davit"]
[Black "Summerscale, Aaron"]
[Result "1-0"]
[WhiteElo "2330"]
[BlackElo "2500"]

1.e4 d6 2.d4 Nf6 3.Nc3 Nbd7 4.f4 e5 5.Nf3 exd4 6.Qxd4 c6 7.Be3 d5 8.e5 Ng4
9.Bg1 Nh6 10.O-O-O Qa5 11.Kb1 Nf5 12.Qd3 Nc5 13.Bxc5 Bxc5 14.Re1 Ne7 15.Nd4 Qb4
16.Nb3 Bf5 17.Qd2 O-O-O 18.Nxc5 Qxc5 19.Nd1 Bxc2+ 20.Qxc2 Qb4 21.Bd3 Qxf4
22.Nc3 Ng6 23.g3 Qg5 24.Bxg6 hxg6 25.Qf2 d4 26.Ne4 Qxe5 27.Qxf7 Rhf8 28.Qxg6 d3
29.Qg5 Qd4 30.Qd2 Rde8 31.Nc3 Rxe1+ 32.Qxe1 Rf2 33.Rf1 Rxh2 34.Qe6+ Kc7 35.Nb5+ cxb5
36.Rf7+ Kd8 37.Qe7+  1-0

[Event "Koop Tjuchem op"]
[Site "Groningen"]
[Date "1996.??.??"]
[Round "6"]
[White "Avrukh, Boris"]
[Black "Lorscheid, Gerhard"]
[Result "1-0"]
[WhiteElo "2500"]
[BlackElo "2315"]

1.e4 d6 2.d4 Nf6 3.Nc3 e5 4.Nf3 Nbd7 5.Bc4 Be7 6.O-O O-O 7.Re1 c6 8.a4 b6
9.Bg5 Qc7 10.d5 Bb7 11.dxc6 Bxc6 12.Qe2 h6 13.Bxf6 Nxf6 14.Rad1 Rad8 15.Qd3 Qb7
16.h3 Ne8 17.Bb5 Nc7 18.Qc4 Nxb5 19.axb5 Be8 20.Nd5 Kh8 21.Ra1 Rc8 22.Qd3 Bd8
23.c4 Bd7 24.Ra4 Bc7 25.Nh4 g6 26.Qf3 Be6 27.Ne7 Rce8 28.Rea1 Bb8 29.Qf6+ Kh7
30.Nhxg6  1-0

[Event "Koop Tjuchem op"]
[Site "Groningen"]
[Date "1996.??.??"]
[Round "8"]
[White "Willemze, Jeroen"]
[Black "Klinova, Masha"]
[Result "0-1"]
[WhiteElo "2160"]
[BlackElo "2380"]

1.e4 d6 2.d4 Nf6 3.Nc3 c6 4.Be3 Nbd7 5.f4 e5 6.h3 Qa5 7.Qd2 Be7 8.Nf3 b5
9.Bd3 b4 10.Ne2 d5 11.Ng3 dxe4 12.Nxe4 exf4 13.Bxf4 O-O 14.O-O Ba6 15.Nxf6+ Nxf6
16.Ne5 Rac8 17.Bxa6 Qxa6 18.Bg5 Ne4 19.Qf4 Nxg5 20.Nd7 Rfd8  0-1

[Event "Koop Tjuchem op"]
[Site "Groningen"]
[Date "1996.??.??"]
[Round "10"]
[White "Smirin, Ilia"]
[Black "Reinderman, Dimitri"]
[Result "1-0"]
[WhiteElo "2625"]
[BlackElo "2500"]

1.e4 d6 2.d4 Nf6 3.Nc3 e5 4.Nf3 exd4 5.Nxd4 g6 6.Bg5 Bg7 7.Nd5 c6 8.Nxf6+ Bxf6
9.Bxf6 Qxf6 10.Qd2 O-O 11.O-O-O Rd8 12.f4 Qe7 13.h4 Bg4 14.Re1 h5 15.Nf3 Nd7
16.Ng5 Kg7 17.Bc4 Rf8 18.Rhf1 f6 19.Nf3 Nc5 20.f5 Nxe4 21.Nd4 gxf5 22.Nxf5+ Bxf5
23.Rxf5 d5 24.Bd3 Rae8 25.Qf4 Rh8 26.g4 Qb4 27.c3 Qb6 28.Rxf6 Qf2 29.Rg6+ Kxg6
30.Qxf2  1-0

[Event "Sachsen-ch"]
[Site "Gruenheide"]
[Date "1996.??.??"]
[Round "5"]
[White "Hoffmann, Hendrik"]
[Black "Hesse, Peter"]
[Result "1/2-1/2"]
[WhiteElo "2280"]
[BlackElo "2325"]

1.e4 d6 2.d4 Nf6 3.Nc3 e5 4.Nf3 Nbd7 5.g3 Be7 6.Bg2 O-O 7.O-O Re8 8.h3 Bf8
9.Re1 c6 10.Be3 Qc7 11.a4 b6 12.Nd2 Bb7 13.f4  1/2-1/2

[Event "GER-ch U20 Girls"]
[Site "Halle"]
[Date "1996.??.??"]
[Round "4"]
[White "Hausmann, Ilka"]
[Black "Werner, Isabel"]
[Result "1-0"]
[WhiteElo "2100"]
[BlackElo "2210"]

1.e4 d6 2.d4 Nf6 3.Nc3 c6 4.f4 Qa5 5.Bd3 e5 6.Nf3 Bg4 7.Bd2 Bxf3 8.Qxf3 exd4
9.Ne2 Qb6 10.e5 Nfd7 11.exd6 Nf6 12.Ng3 Bxd6 13.Nf5 Bf8 14.O-O-O Nbd7 15.Rhe1+ Kd8
16.Bc4 Kc7 17.Bxf7 c5 18.Qg3 g6 19.Ne7 Qd6 20.Re6 Bxe7 21.Rxd6 Bxd6 22.Qd3 Rhf8
23.Bb3 Rae8 24.g3 Ng4 25.Qf3 Nxh2 26.Qh1 Ng4 27.Qxh7 g5 28.Qh5 Nf2 29.Rf1 Ne4
30.Qh2 Nxd2 31.Qxd2 gxf4 32.gxf4 Re3 33.f5 b6 34.c3 Be5 35.Be6 Nf6 36.cxd4 Bxd4
37.Qh2+ Kc6 38.Qg2+ Kd6 39.Qg7 Rd8 40.Rd1 Ke5 41.Qc7+ Rd6 42.Bc8 Nd5 43.Qg7+ Rf6
44.Rd2 b5 45.a3 b4 46.axb4 cxb4 47.Be6 Re1+ 48.Kc2 Rg1 49.Qh8 b3+ 50.Kxb3 Rg3+
51.Ka4 Nb6+ 52.Kb5 Be3 53.Re2 Rf3 54.Qh2+ Ke4 55.Qh4+ Ke5 56.Qg5 Nd5 57.Bxd5 Rb6+
58.Kc4 Rf4+ 59.Kc3 Kxd5 60.Rxe3 Rc4+ 61.Kd3 Rb3+ 62.Ke2 Rxb2+ 63.Kf3 Rcc2
64.f6+  1-0

[Event "Hallsta op"]
[Site "Hallsta"]
[Date "1996.??.??"]
[Round "?"]
[White "Norqvist, Jorgen"]
[Black "Bergstrom, Rolf"]
[Result "0-1"]
[WhiteElo "2115"]
[BlackElo "2315"]

1.e4 d6 2.d4 Nf6 3.Nc3 Nbd7 4.Nf3 e5 5.Bc4 Be7 6.O-O O-O 7.Qe2 exd4 8.Nxd4 Ne5
9.Bb3 c5 10.Nf5 Bxf5 11.exf5 Qd7 12.Nd5 Rfe8 13.Rd1 Bd8 14.Nxf6+ Bxf6 15.Qe4 Nc6
16.Qg4 Nd4 17.Bf4 Re4 18.g3 Ne2+ 19.Kf1 Nxf4 20.gxf4 Be5 21.Bd5 Rxf4 22.Qh3 Rb8
23.Rd3 Qxf5 24.Qxf5 Rxf5 25.h3 Bxb2 26.Rb1 Bd4 27.Rxb7 Rxb7 28.Bxb7 Rxf2+
29.Ke1 Rxc2 30.Bd5 Rc3 31.Rd1 Rxh3 32.Ke2 g5 33.Rf1 Re3+ 34.Kd2 Re7 35.Kd3 Kg7
36.Be4 h5 37.a4 g4 38.Rf5 Re5 39.Rf1 g3 40.Rf3 Rg5 41.Rf1  0-1

[Event "FIN-ch"]
[Site "Helsinki"]
[Date "1996.??.??"]
[Round "6"]
[White "Pulkkinen, Kari"]
[Black "Jouhki, Yrjo Markus"]
[Result "1-0"]
[WhiteElo "2345"]
[BlackElo "2245"]

1.e4 d6 2.d4 Nf6 3.Nc3 e5 4.Nf3 Nbd7 5.Bc4 Be7 6.O-O O-O 7.a4 c6 8.Ba2 b6
9.Re1 a6 10.h3 Bb7 11.dxe5 dxe5 12.Nh4 g6 13.Bh6 Re8 14.Qf3 Bf8 15.Bg5 Be7
16.Rad1 Kg7 17.Qg3 Qc7 18.Nf5+ gxf5 19.Bxf6+ Kxf6 20.exf5 Nc5 21.Rd7  1-0

[Event "Hlohovec op"]
[Site "Hlohovec"]
[Date "1996.??.??"]
[Round "1"]
[White "Vavrak, Peter"]
[Black "Vokac, Marek"]
[Result "0-1"]
[WhiteElo "2110"]
[BlackElo "2455"]

1.e4 d6 2.d4 Nf6 3.Nc3 c6 4.f3 e5 5.Nge2 Be7 6.Be3 Nbd7 7.Qd2 O-O 8.g4 b5
9.g5 Nh5 10.d5 b4 11.Na4 c5 12.c4 Nb6 13.Nxb6 axb6 14.b3 f5 15.exf5 Rxf5
16.Ng3 Rxg5 17.Bxg5 Bxg5 18.Qc2 Nf4 19.Bd3 g6 20.O-O Bh3 21.Rf2 Qf8 22.Kh1 Ra7
23.Be4 Qh6 24.Ne2 Nh5 25.Ng3 Nf6 26.Re1 Bf4 27.Qd3 Bxg3 28.hxg3 Bf1+ 29.Rh2 Qxh2+
30.Kxh2 Bxd3 31.Bxd3 Rxa2+ 32.Re2 Rxe2+ 33.Bxe2 g5 34.f4 exf4 35.gxf4 gxf4
36.Kg2 Ne4 37.Bd1 Ng5  0-1

[Event "Hlohovec op"]
[Site "Hlohovec"]
[Date "1996.??.??"]
[Round "7"]
[White "Moravcik, Rastislav"]
[Black "Bisco, Igor"]
[Result "1-0"]
[WhiteElo "2080"]
[BlackElo "2150"]

1.e4 d6 2.d4 Nf6 3.Nc3 Nbd7 4.Bc4 e5 5.Nf3 Be7 6.Qe2 O-O 7.O-O c6 8.a4 b6
9.h3 Bb7 10.Ba2 a6 11.Rd1 Qc7 12.Bg5 b5 13.d5 bxa4 14.dxc6 Bxc6 15.Nh4 g6
16.Bh6 Rfb8 17.Qc4 Rf8 18.Nd5 Nxd5 19.exd5 Nb6 20.Qxc6 Qa7 21.Be3 Rab8 22.Bxb6 Rxb6
23.Qxa4 Rfb8 24.Nf3 Rb4 25.Qa3 Bd8 26.Qe3 Bb6 27.Qe2 Rxb2 28.Bb3 a5 29.Nd2 Bd4
30.Ra4 Bc3 31.Qf3 Bd4 32.Kh1 f5 33.Rxd4 exd4 34.Nc4 R2xb3 35.cxb3 a4 36.bxa4 Qxa4
37.Nxd6 Rb2 38.Re1 Qb4 39.Re8+ Kg7 40.Qg3 Rb1+ 41.Kh2 Re1 42.Nxf5+  1-0